Saintly Cities- USA - Statistics

General Stats
  • This quiz has been taken 62 times
  • The average score is 11 of 15
Answer Stats
Population―City Proper (2018 est.) State / Territory City % Correct
1,030,000 California San Jose
100%
1,532,000 Texas San Antonio
98%
1,426,000 California San Diego
98%
883,000 California San Francisco
98%
395,000 Puerto Rico San Juan
98%
308,000 Minnesota St Paul
94%
303,000 Missouri St Louis
89%
85,000 New Mexico Santa Fe
77%
265,000 Florida St Petersburg
70%
216,000 California San Bernardino
57%
91,000 California Santa Barbara
45%
91,000 California Santa Monica
40%
178,000 California Santa Rosa
32%
68,000 Minnesota St Cloud
30%
87,000 Utah St George
28%
No matching quizzes found
Score Distribution
Percent of People with Each Score
Percentile by Number Answered
Your Score History
You have not taken this quiz